| 000 | 00446nam a2200181Ia 4500 | ||
|---|---|---|---|
| 008 | 131103s9999 xx 000 0 und d | ||
| 040 | _aLoreto College | ||
| 041 | _aEnglish | ||
| 082 |
_aREF/2 _bLCBED/13790 |
||
| 100 | _aBerry, Nita | ||
| 245 | 4 |
_aThe wonder of water _cNita Berry |
|
| 250 | _aNew Delhi | ||
| 260 |
_aChildren's book trust _b2001 _c96p. |
||
| 300 |
_apic. _b 24cm. |
||
| 650 | _aREF | ||
| 850 | _aLCBED/REF/2 | ||
| 942 | _cBK | ||
| 999 |
_c35873 _d86352 |
||